[Event "AUT-chT (Women) 2122"]
[Site "Austria"]
[Date "2022.04.22"]
[Round "8.4"]
[White "Roeck, Vanessa"]
[Black "Wilfling, Sandra"]
[Result "1/2-1/2"]
[WhiteElo "1618"]
[BlackElo "1855"]
[PlyCount "132"]
[EventDate "2021.11.06"]
[EventType "team-tourn"]
[EventRounds "9"]
[EventCountry "AUT"]
[SourceTitle "EXT 2024"]
[Source "ChessBase"]
[SourceDate "2023.10.10"]
[SourceVersion "1"]
[SourceVersionDate "2023.10.10"]
[SourceQuality "1"]
[WhiteTeam "Mayrhofen/Zillertal (W)"]
[BlackTeam "Lienz (W)"]
[WhiteTeamCountry "AUT"]
[BlackTeamCountry "AUT"]

1. d4 Nf6 2. Nf3 g6 3. Bf4 Bg7 4. e3 d6 5. Be2 0-0 6. 0-0 Nh5 7. c3 Nd7 8. Nbd2 Nxf4 9. exf4 Nb6 10. Qb3 Be6 11. c4 c6 12. Rfe1 Qc7 13. Qe3 Rae8 14. b3 Bg4 15. h3 Bxf3 16. Nxf3 Nd7 17. Rad1 Qa5 18. Qd2 Qxd2 19. Rxd2 c5 20. Bd3 cxd4 21. Be4 e5 22. Bxb7 Nc5 23. Bd5 Bh6 24. Ng5 a5 25. h4 Kg7 26. g3 f5 27. f3 Re7 28. fxe5 dxe5 29. f4 e4 30. Rxd4 Kf6 31. Bc6 Rc7 32. Bd5 Rb8 33. Re2 Bf8 34. Bg8 h6 35. Nh7+ Rxh7 36. Bxh7 Kg7 37. Bxg6 Kxg6 38. Rd5 a4 39. bxa4 Nxa4 40. h5+ Kf6 41. Rb5 Rc8 42. Rc2 Bc5+ 43. Kf1 Bd4 44. Ra5 Nc5 45. a4 Rc6 46. Ke2 Nd3 47. Rd5 Bf2 48. Rd8 Bxg3 49. Rg8 Nxf4+ 50. Kf1 Nxh5 51. a5 Bc7 52. Rc8 Rc5 53. a6 Bb6 54. Rxc5 Bxc5 55. Rh2 Kg5 56. Ra2 Ng3+ 57. Ke1 Kf4 58. a7 Bxa7 59. Rxa7 Ke5 60. Ra5+ Kd6 61. Ra6+ Kc5 62. Rxh6 Kxc4 63. Rg6 f4 64. Rg4 Kd3 65. Rxf4 e3 66. Rf3 Ne4 1/2-1/2

[Event "AUT-chT (Women) 1617"]
[Site "Austria"]
[Date "2017.04.21"]
[Round "6.4"]
[White "Roeck, Vanessa"]
[Black "Oberberger, Bianca"]
[Result "1-0"]
[WhiteElo "1619"]
[BlackElo "1099"]
[PlyCount "173"]
[EventDate "2017.01.14"]
[EventType "team-tourn"]
[EventRounds "11"]
[EventCountry "AUT"]
[SourceTitle "EXT 2018"]
[Source "ChessBase"]
[SourceDate "2017.10.13"]
[SourceVersion "1"]
[SourceVersionDate "2017.10.13"]
[SourceQuality "1"]
[WhiteTeam "Mayrhofen/Zillertal (W)"]
[BlackTeam "Feffernitz (W)"]
[WhiteTeamCountry "AUT"]
[BlackTeamCountry "AUT"]

1. d4 d5 2. Nf3 Nc6 3. e3 a6 4. h3 Nf6 5. Bd3 e6 6. 0-0 Bd6 7. b3 0-0 8. Bb2 Re8 9. Ne5 g6 10. Nd2 Bf8 11. Nxc6 bxc6 12. e4 dxe4 13. Nxe4 Bg7 14. Nxf6+ Bxf6 15. c3 Bb7 16. Qf3 Bg7 17. Rad1 Qf6 18. Be4 Qxf3 19. Bxf3 Rad8 20. Rfe1 Re7 21. Bc1 Ree8 22. Bf4 Rc8 23. Be5 Red8 24. Bxg7 Kxg7 25. Re5 Rb8 26. Ra5 Ra8 27. Re1 Kf8 28. Ree5 Rd6 29. Ra4 Ke7 30. Rea5 Kf8 31. Rc5 Ke8 32. Rb4 Ra7 33. Kf1 Kd8 34. Ke1 Kc8 35. Ke2 Kd7 36. Ke3 f6 37. c4 g5 38. Ra5 Kc8 39. c5 Rd8 40. Rba4 Kd7 41. Be2 Rda8 42. f4 h6 43. Rc4 Re8 44. fxg5 hxg5 45. b4 Re7 46. Ra3 Ra8 47. Rcc3 Ree8 48. Kf2 Rf8 49. Rf3 Ke7 50. Bc4 Kd7 51. Ke2 Rf7 52. Rf1 Rff8 53. Raf3 Ke7 54. Re3 Bc8 55. Kd2 Re8 56. a3 Bd7 57. h4 gxh4 58. Rh1 Rh8 59. Bxe6 Bxe6 60. Rhe1 Kf7 61. Rxe6 Rhe8 62. Rxe8 Rxe8 63. Rxe8 Kxe8 64. Ke3 Kf7 65. Kf4 Kg6 66. Kg4 f5+ 67. Kxh4 Kf6 68. Kg3 Kg5 69. Kf3 Kf6 70. Kf4 Kg6 71. g4 fxg4 72. Kxg4 Kf6 73. Kf4 Ke6 74. Ke4 Ke7 75. Ke5 Kd7 76. d5 cxd5 77. Kxd5 c6+ 78. Ke5 Ke7 79. a4 Kd7 80. Kf6 Kc8 81. Ke6 Kc7 82. Ke7 Kb8 83. Kd8 Kb7 84. Kd7 Kb8 85. Kxc6 Kc8 86. Kb6 Kb8 87. Kxa6 1-0

[Event "AUT-ch U18 Girls"]
[Site "Woerth"]
[Date "2014.04.15"]
[Round "4"]
[White "Roeck, Vanessa"]
[Black "Polterauer, Chiara"]
[Result "0-1"]
[WhiteElo "1641"]
[BlackElo "1875"]
[PlyCount "100"]
[EventDate "2014.04.13"]
[EventType "swiss"]
[EventRounds "7"]
[EventCountry "AUT"]
[SourceTitle "EXT 2015"]
[Source "ChessBase"]
[SourceDate "2014.11.20"]
[SourceVersion "1"]
[SourceVersionDate "2014.11.20"]
[SourceQuality "1"]

1. d4 d5 2. Nf3 Nf6 3. e3 e6 4. Bd3 c5 5. 0-0 Nbd7 6. b3 Bd6 7. Bb2 0-0 8. Nbd2 b6 9. Ne5 Bb7 10. c4 Ne4 11. Qc2 Nxd2 12. Qxd2 f6 13. Nf3 Qc7 14. cxd5 Bxd5 15. e4 Bb7 16. d5 exd5 17. exd5 Rfd8 18. Qc2 Nf8 19. Bc4 Kh8 20. Rad1 Qf7 21. Qf5 Bc8 22. Qd3 Qh5 23. g3 Bg4 24. Nh4 Bxd1 25. Rxd1 Be5 26. Bxe5 Qxe5 27. Qe3 Nd7 28. Bb5 Qh5 29. Be2 Qf7 30. Qe6 Ne5 31. Qxf7 Nxf7 32. Nf5 g6 33. Ne3 Nd6 34. Bf3 Rac8 35. Ng4 Kg7 36. Bg2 c4 37. bxc4 Rxc4 38. Ne3 Ra4 39. Rd2 Rc8 40. f4 Rc1+ 41. Kf2 Ra1 42. Ke2 R1xa2 43. Rxa2 Rxa2+ 44. Kd3 a5 45. Bh3 a4 46. Nc4 Nxc4 47. Kxc4 a3 48. d6 Rd2 49. d7 a2 50. Kc3 Rxd7 0-1

[Event "AUT-ch U18 Girls"]
[Site "Woerth"]
[Date "2014.04.13"]
[Round "2"]
[White "Hiebler, Laura"]
[Black "Roeck, Vanessa"]
[Result "1-0"]
[WhiteElo "1869"]
[BlackElo "1641"]
[PlyCount "117"]
[EventDate "2014.04.13"]
[EventType "swiss"]
[EventRounds "7"]
[EventCountry "AUT"]
[SourceTitle "EXT 2015"]
[Source "ChessBase"]
[SourceDate "2014.11.20"]
[SourceVersion "1"]
[SourceVersionDate "2014.11.20"]
[SourceQuality "1"]

1. c4 e5 2. g3 d6 3. Bg2 Nd7 4. Nc3 f5 5. d3 Ngf6 6. e3 c6 7. Nge2 g6 8. 0-0 Bg7 9. e4 Nc5 10. b4 Na6 11. Qb3 Nc7 12. Bg5 h6 13. Bxf6 Qxf6 14. exf5 Bxf5 15. Ne4 Bxe4 16. Bxe4 Qf7 17. Rac1 0-0 18. f4 Qe6 19. Kh1 Rf7 20. Qc2 d5 21. Bg2 dxc4 22. dxc4 Rd8 23. fxe5 Bxe5 24. Rxf7 Qxf7 25. Rf1 Qg7 26. Be4 g5 27. Bg6 Rf8 28. Rd1 Qf6 29. Bh5 Qg7 30. Qe4 Ne6 31. Bg4 Qf6 32. c5 Ng7 33. Qc4+ Qf7 34. Qe4 Qf6 35. Ng1 h5 36. Be2 g4 37. Bc4+ Kh8 38. Rf1 Nf5 39. Bd3 Bxg3 40. Rxf5 Qxf5 41. Qxf5 Rxf5 42. Bxf5 Be1 43. a3 Bf2 44. Kg2 Bd4 45. Bc8 b6 46. Ne2 Be3 47. cxb6 axb6 48. a4 Bd2 49. b5 cxb5 50. axb5 Be3 51. Ng3 h4 52. Nf1 Bc5 53. Bxg4 Kg7 54. Nd2 Kf7 55. Ne4 Bb4 56. Ng5+ Ke7 57. Nf3 Kd6 58. Nxh4 Kc5 59. Be2 1-0

[Event "AUT-ch U18 Girls"]
[Site "Marz"]
[Date "2013.03.24"]
[Round "1"]
[White "Roeck, Vanessa"]
[Black "Tarmastin, Laura"]
[Result "1-0"]
[WhiteElo "1645"]
[BlackElo "1744"]
[PlyCount "77"]
[EventDate "2013.03.24"]
[EventType "swiss"]
[EventRounds "7"]
[EventCountry "AUT"]
[SourceTitle "EXT 2015"]
[Source "ChessBase"]
[SourceDate "2014.11.20"]
[SourceVersion "1"]
[SourceVersionDate "2014.11.20"]
[SourceQuality "1"]

1. d4 Nf6 2. Nf3 g6 3. Bf4 Bg7 4. e3 d6 5. h3 0-0 6. Be2 Nbd7 7. 0-0 c5 8. c4 h6 9. Nc3 Nh5 10. Bh2 f5 11. Nh4 g5 12. Ng6 Nhf6 13. Nxf8 Qxf8 14. Rb1 Qf7 15. b3 a6 16. Bf3 e5 17. dxe5 dxe5 18. Bd5 Nxd5 19. Qxd5 e4 20. Qxf7+ Kxf7 21. Nd5 Ne5 22. Nb6 Rb8 23. Bxe5 Bxe5 24. Nxc8 Rxc8 25. Rfd1 Ke6 26. Rd5 Bd6 27. Rbd1 Rc6 28. Kf1 Rb6 29. Ke2 Rc6 30. f3 Rb6 31. g4 exf3+ 32. Kxf3 f4 33. exf4 Bxf4 34. Rxc5 Bd6 35. Rf5 Bf4 36. Re1+ Kd7 37. Rf7+ Kc6 38. Re6+ Kc5 39. Rf5+ 1-0

[Event "AUT-ch U18 Girls"]
[Site "Vienna"]
[Date "2011.04.18"]
[Round "3.4"]
[White "Roeck, Vanessa"]
[Black "Trippold, Denise"]
[Result "1/2-1/2"]
[WhiteElo "1650"]
[BlackElo "1713"]
[PlyCount "61"]
[EventDate "2011.04.17"]
[EventType "swiss"]
[EventRounds "7"]
[EventCountry "AUT"]
[SourceTitle "EXT 2024"]
[Source "ChessBase"]
[SourceDate "2023.10.10"]
[SourceVersion "1"]
[SourceVersionDate "2023.10.10"]
[SourceQuality "1"]

1. f4 g6 2. Nf3 Bg7 3. Nc3 Nf6 4. e3 0-0 5. b3 d6 6. Bb2 c5 7. h3 Nc6 8. Bb5 Bd7 9. Bxc6 Bxc6 10. Qe2 a6 11. g4 b5 12. Rg1 b4 13. Nd1 a5 14. g5 Nh5 15. Bxg7 Nxg7 16. h4 a4 17. e4 axb3 18. cxb3 Ra3 19. d3 Qa5 20. Qc2 Ra8 21. Rg2 Ne6 22. Rf2 Qa7 23. f5 Ng7 24. fxg6 fxg6 25. Nh2 Bd7 26. Ne3 Be6 27. Nc4 Ra6 28. Qe2 Qd7 29. Qd1 Rb8 30. d4 Bxc4 31. bxc4 1/2-1/2

[Event "AUT-ch U12 Girls"]
[Site "Vienna"]
[Date "2008.05.13"]
[Round "7"]
[White "Dalnodar, Martina"]
[Black "Roeck, Vanessa"]
[Result "0-1"]
[WhiteElo "1402"]
[BlackElo "1511"]
[PlyCount "98"]
[EventDate "2008.05.10"]
[EventType "swiss"]
[EventRounds "7"]
[EventCountry "AUT"]
[SourceTitle "EXT 2009"]
[Source "ChessBase"]
[SourceDate "2008.11.26"]
[SourceVersion "1"]
[SourceVersionDate "2008.11.26"]
[SourceQuality "1"]

1. d4 d5 2. Nf3 Nf6 3. Bf4 Bf5 4. e3 Nbd7 5. c4 c6 6. Nc3 e6 7. Be2 h6 8. 0-0 Be7 9. Ne5 Nxe5 10. dxe5 Ne4 11. Nxe4 dxe4 12. f3 exf3 13. Bxf3 Bg5 14. e4 Bxf4 15. exf5 exf5 16. Re1 Qxd1 17. Raxd1 0-0 18. b3 Rfe8 19. g3 Bxe5 20. Bh5 Bd4+ 21. Kh1 Rxe1+ 22. Rxe1 g6 23. Bf3 Rd8 24. h3 Bf2 25. Re2 Bxg3 26. Kg2 Bh4 27. Kh2 Rd3 28. Re8+ Kg7 29. Be2 Rd2 30. Kg2 Rxa2 31. Kg1 Ra1+ 32. Kg2 Re1 33. b4 b6 34. Kf3 b5 35. cxb5 cxb5 36. Bxb5 Rxe8 37. Bxe8 Kf8 38. Bc6 g5 39. b5 h5 40. Ke3 g4 41. hxg4 fxg4 42. Kd4 g3 43. Kc4 Ke7 44. Kb4 Bg5 45. Ka5 Be3 46. Bd5 Kd6 47. Bc6 h4 48. Be8 g2 49. Bxf7 g1Q 0-1

[Event "AUT-ch U12 Girls"]
[Site "Vienna"]
[Date "2008.05.11"]
[Round "3"]
[White "Sprinzl, Annika"]
[Black "Roeck, Vanessa"]
[Result "1-0"]
[WhiteElo "1200"]
[BlackElo "1511"]
[PlyCount "25"]
[EventDate "2008.05.10"]
[EventType "swiss"]
[EventRounds "7"]
[EventCountry "AUT"]
[SourceTitle "EXT 2009"]
[Source "ChessBase"]
[SourceDate "2008.11.26"]
[SourceVersion "1"]
[SourceVersionDate "2008.11.26"]
[SourceQuality "1"]

1. e4 e5 2. Nf3 Nc6 3. Bb5 a6 4. Ba4 Nf6 5. 0-0 Bc5 6. d4 exd4 7. Nxd4 Nxd4 8. Be3 b5 9. Bb3 Nxb3 10. cxb3 Bxe3 11. fxe3 Nxe4 12. Qd5 c6 13. Qxf7# 1-0

[Event "AUT-ch U12 Girls"]
[Site "Vienna"]
[Date "2008.05.10"]
[Round "1"]
[White "Hoelzl, Sarah"]
[Black "Roeck, Vanessa"]
[Result "1-0"]
[WhiteElo "1397"]
[BlackElo "1511"]
[PlyCount "47"]
[EventDate "2008.05.10"]
[EventType "swiss"]
[EventRounds "7"]
[EventCountry "AUT"]
[SourceTitle "EXT 2009"]
[Source "ChessBase"]
[SourceDate "2008.11.26"]
[SourceVersion "1"]
[SourceVersionDate "2008.11.26"]
[SourceQuality "1"]

1. d4 d5 2. c4 c6 3. Nc3 Nf6 4. Nf3 e6 5. Qc2 Nbd7 6. Bg5 Be7 7. e4 b6 8. e5 Ng4 9. Qd2 Bxg5 10. Qxg5 Qxg5 11. Nxg5 f6 12. Nxe6 Kf7 13. Nc7 Rb8 14. cxd5 cxd5 15. e6+ Kg6 16. exd7 Bxd7 17. N7xd5 Rbe8+ 18. Be2 Bc6 19. h3 Nh6 20. 0-0 Bxd5 21. Bd3+ Kf7 22. Nxd5 Rd8 23. Bc4 Rhe8 24. Nc7+ 1-0

[Event "AUT-ch U12 Girls"]
[Site "St Georgen"]
[Date "2007.??.??"]
[Round "2"]
[White "Auer, Christine"]
[Black "Roeck, Vanessa"]
[Result "1-0"]
[WhiteElo "1200"]
[BlackElo "1485"]
[PlyCount "37"]
[EventDate "2007.05.??"]
[EventType "swiss"]
[EventRounds "7"]
[EventCountry "AUT"]
[SourceTitle "EXT 2008"]
[Source "ChessBase"]
[SourceDate "2007.11.25"]
[SourceVersion "1"]
[SourceVersionDate "2007.11.25"]
[SourceQuality "1"]

1. e4 e5 2. Nf3 Nc6 3. Nc3 Nf6 4. Bc4 Bc5 5. d3 0-0 6. Bg5 d6 7. Nd5 a6 8. Qd2 Be6 9. Bxf6 gxf6 10. Qh6 Nd4 11. Nxf6+ Qxf6 12. Qxf6 Bxc4 13. dxc4 Nxc2+ 14. Ke2 Nxa1 15. Rxa1 Rfe8 16. Ng5 Rf8 17. Qh6 Rfe8 18. Qxh7+ Kf8 19. Qxf7# 1-0